| 000 | 00565nam a22001817a 4500 | ||
|---|---|---|---|
| 999 |
_c192288 _d192288 |
||
| 005 | 20220916150258.0 | ||
| 010 | _aENG-135093 | ||
| 020 |
_a9788186101616 _c1000.00 |
||
| 035 | _aEN-118625 | ||
| 037 | _bDBAD/PUB | ||
| 082 | _a954.035092 | ||
| 100 | _aPandey Rakesh | ||
| 245 |
_aThe Making Of Malaviya/ _cby Rakesh Pandey |
||
| 260 |
_aVaranasi _bKishor Vidya Niketan _c2010 |
||
| 270 |
_aB-2/236 A-1,Bhadaini, _bVaranasi _e1 _k919415996512,915422314392 _mkishorwin@yahoo.com |
||
| 300 |
_a304p. _c28cm(pbk) |
||
| 942 |
_2ddc _cEN _h954.035092 _mPAN |
||